Les prénoms les plus populaires en Espagne depuis 1920 - Statistiques

Statistiques générales
  • Ce quiz a été pris 247 fois
  • Le résultat moyen est 9 sur 20
Statistiques - réponses
INDICE PRENOM % Correct
4 A M Ana Maria
91%
2 M Maria
91%
6 J Juan
82%
3 J José
60%
1 A Antonio
50%
8 J A Jose Antonio
50%
4 F Francisco
47%
10 F J Francisco Javier
45%
1 M C Maria Carmen
44%
3 C Carmen
43%
5 D David
43%
7 I Isabel
43%
7 J Javier
43%
9 D Daniel
42%
2 M Manuel
41%
10 M T Maria Teresa
39%
8 L Laura
29%
9 M D Maria Dolorès
28%
6 M P Maria Pilar
19%
5 J Josefa
17%
Aucun quiz correspondant
Distribution des résultats
% des personnes avec chaque résultat
Percentile par nombre de réponses
Votre historique - résultats
Vous n’avez pas pris ce quiz